<?xml version="1.0" encoding="UTF-8"?>
<record
    xmlns:xsi="http://www.w3.org/2001/XMLSchema-instance"
    xsi:schemaLocation="http://www.loc.gov/MARC21/slim http://www.loc.gov/standards/marcxml/schema/MARC21slim.xsd"
    xmlns="http://www.loc.gov/MARC21/slim">

  <leader>00667nam a2200193Ia 4500</leader>
  <controlfield tag="003">LDD</controlfield>
  <controlfield tag="008">190117s9999    xx            000 0 und d</controlfield>
  <datafield tag="020" ind1=" " ind2=" ">
    <subfield code="a">9788193034866</subfield>
    <subfield code="c">&#x20B9;185</subfield>
  </datafield>
  <datafield tag="040" ind1=" " ind2=" ">
    <subfield code="c">LDD</subfield>
  </datafield>
  <datafield tag="041" ind1=" " ind2=" ">
    <subfield code="a">hi</subfield>
  </datafield>
  <datafield tag="082" ind1=" " ind2=" ">
    <subfield code="a">8H3.7 &#x92F;&#x93E;79203&#x938;</subfield>
  </datafield>
  <datafield tag="100" ind1=" " ind2=" ">
    <subfield code="a">&#x92F;&#x93E;&#x924;&#x94D;&#x930;&#x940;, &#x938;&#x947;.&#x930;&#x93E;.</subfield>
  </datafield>
  <datafield tag="245" ind1=" " ind2="0">
    <subfield code="a">&#x938;&#x92E;&#x940;&#x92A; &#x914;&#x930; &#x938;&#x92E;&#x940;&#x92A;</subfield>
    <subfield code="c">&#x938;&#x947;.&#x930;&#x93E;. &#x92F;&#x93E;&#x924;&#x94D;&#x930;&#x940;</subfield>
  </datafield>
  <datafield tag="260" ind1=" " ind2=" ">
    <subfield code="a">&#x928;&#x908; &#x926;&#x93F;&#x932;&#x94D;&#x932;&#x940;</subfield>
    <subfield code="b">&#x915;&#x93F;&#x924;&#x93E;&#x92C;&#x935;&#x93E;&#x932;&#x947;</subfield>
    <subfield code="c">2015</subfield>
  </datafield>
  <datafield tag="300" ind1=" " ind2=" ">
    <subfield code="a">120p.</subfield>
  </datafield>
  <datafield tag="901" ind1=" " ind2=" ">
    <subfield code="a">AAKAR                                                       </subfield>
  </datafield>
  <datafield tag="904" ind1=" " ind2=" ">
    <subfield code="a">Reqst by : &#x91C;&#x93F;&#x924;&#x947;&#x928;&#x94D;&#x926;&#x94D;&#x930; &#x915;&#x941;&#x92E;&#x93E;&#x930; &#x936;&#x94D;&#x930;&#x940;&#x935;&#x93E;&#x938;</subfield>
  </datafield>
  <datafield tag="942" ind1=" " ind2=" ">
    <subfield code="2">ddc</subfield>
    <subfield code="c">H</subfield>
  </datafield>
  <datafield tag="952" ind1=" " ind2=" ">
    <subfield code="0">0</subfield>
    <subfield code="1">0</subfield>
    <subfield code="2">ddc</subfield>
    <subfield code="4">0</subfield>
    <subfield code="7">0</subfield>
    <subfield code="9">167407</subfield>
    <subfield code="a">LDD</subfield>
    <subfield code="b">LDD</subfield>
    <subfield code="d">2019-01-17</subfield>
    <subfield code="l">0</subfield>
    <subfield code="o">8H3.7 &#x92F;&#x93E;79203&#x938;</subfield>
    <subfield code="p">H018686</subfield>
    <subfield code="r">2019-01-17</subfield>
    <subfield code="w">2019-01-17</subfield>
    <subfield code="y">H</subfield>
  </datafield>
  <datafield tag="999" ind1=" " ind2=" ">
    <subfield code="c">167665</subfield>
    <subfield code="d">167665</subfield>
  </datafield>
</record>
